000 00283nam a2200121Ia 4500
008 230312s9999||||xx |||||||||||||| ||und||
082 _a629.530
_bM-2/B-1
100 _aSATC
245 0 _aPhysics:M-2
260 _aPakistan
_c2022
650 _aAviation
_vAviation/Physics
942 _cBK
999 _c14368
_d14368